MDQL
is popping MORE tags! Check the
thread
!
Quizzes
Events
Quiz Creation
Community
Videos
Private Events
Remove Ads
Sign In
Join for FREE
Feedback
Dark Mode
Quiz Categories
Sports
Geography
Music
Movies
Television
Just For Fun
Miscellaneous
History
Literature
Language
Science
Gaming
Entertainment
Religion
Holiday
For Kids
Quiz Lab
Recent
Popular Today
Quiz Kudos Today
Editor Picks
Curator Picks
Quizzes by...
Day
Popularity
Type
Ratings
Length
Year
Community
Subscriptions
Recent Discussions
Orange Saloon
Badges
Playlists
Quests
Create
Leaderboards
Showdown
Live 5
Trivia Bingo
Activity
Puzzle Library
Sporcle Events
Private Events
Virtual Trivia
Globe League
Become a Host
Pub Owners
SporcleCon
Opinionation
Our Games
Videos
Blog
Mobile Apps
Partnerships
Remove Ads and Go Orange
Feedback
Geography
Country
Landmarks
City
State
Population
World
Capital
Continent
Flags
Europe
Africa
Asia
South America
North America
Oceania
Border
Canada
United Kingdom
Topography
United States
Geography
Country
Landmarks
City
State
Population
World
Capital
Continent
Flags
Europe
Africa
Asia
South America
North America
Oceania
Border
Canada
United Kingdom
Topography
United States
Random Quiz
Search Sporcle
×
Quiz Lab
Quiz Lab
Geography
Virginia Cities
Type in answers that appear in a list
Type in answers that appear in a list
Classic
Best Score? Go Orange.
Virginia Counties and Independent Cities Stats
Can you name the Virginia Counties and Independent Cities?
By
jbennettnyc
10m
133 Questions
58 Plays
58 Plays
58 Plays
Comments
Comments
Give Quiz Kudos
Give Quiz Kudos
-
- Ratings
hide this ad
Replay
Link that replays current quiz
Next Quiz
Link to next quiz in quiz playlist
You Got
0%
They Got
Avg Score
60%
Avg Friend Score
Upgrade to see
Score Distribution
Jump to the score distribution portion of the page
Score
0/133
Timer
10:00
0
Plays Today
Hint
Answer
% Correct
Richmond
94.8%
Roanoke
94.8%
Norfolk
94.8%
Richmond
94.8%
Roanoke
94.8%
Alexandria
93.1%
Prince William
91.4%
Arlington
89.7%
Fairfax
89.7%
Charlottesville
89.7%
Fairfax
89.7%
Charlotte
86.2%
Williamsburg
86.2%
Frederick
84.5%
Henrico
84.5%
Fredericksburg
84.5%
Virginia Beach
84.5%
Loudoun
82.8%
Orange
82.8%
Prince George
82.8%
Petersburg
82.8%
James City
81%
Lee
79.3%
Danville
79.3%
Falls Church
79.3%
Salem
79.3%
Greene
77.6%
Bristol
77.6%
Winchester
77.6%
Washington
75.9%
King and Queen
74.1%
Prince Edward
74.1%
York
74.1%
Bath
72.4%
Harrisonburg
72.4%
Chesterfield
70.7%
Wise
70.7%
Manassas
70.7%
Suffolk
70.7%
Albemarle
69%
Franklin
69%
Emporia
69%
Franklin
69%
Lynchburg
69%
Augusta
67.2%
Hint
Answer
% Correct
Essex
67.2%
King George
67.2%
Wythe
67.2%
Newport News
67.2%
Alleghany
65.5%
Botetourt
65.5%
Henry
65.5%
Rockbridge
65.5%
Rockingham
65.5%
Southampton
65.5%
Martinsville
65.5%
Dinwiddie
63.8%
Montgomery
63.8%
Pulaski
63.8%
Patrick
63.8%
Amelia
62.1%
Buchanan
62.1%
Isle of Wight
62.1%
Smyth
62.1%
Chesapeake
62.1%
Radford
62.1%
Appomattox
60.3%
Giles
60.3%
Northampton
60.3%
Craig
58.6%
Hanover
58.6%
Nelson
58.6%
Sussex
58.6%
Covington
58.6%
Warren
56.9%
Hampton
56.9%
Spotsylvania
55.2%
Lexington
55.2%
Staunton
55.2%
Caroline
53.4%
Floyd
53.4%
Madison
53.4%
Tazewell
53.4%
Russell
51.7%
Galax
51.7%
Mecklenburg
50%
Norton
50%
Bedford
48.3%
Brunswick
48.3%
Fauquier
48.3%
Hint
Answer
% Correct
Greensville
48.3%
Pittsylvania
48.3%
Stafford
48.3%
Goochland
46.6%
Page
46.6%
Portsmouth
46.6%
King William
46.6%
Charles City
44.8%
Culpeper
44.8%
Grayson
44.8%
Louisa
44.8%
Powhatan
44.8%
Manassas Park
44.8%
Bland
43.1%
Clarke
43.1%
Fluvanna
43.1%
Carroll
41.4%
Halifax
41.4%
Shenandoah
41.4%
Westmoreland
41.4%
Waynesboro
41.4%
Amherst
39.7%
Accomack
39.7%
Highland
39.7%
Lunenburg
39.7%
Rappahannock
39.7%
Buena Vista
39.7%
Poquoson
39.7%
Colonial Heights
37.9%
Northumberland
36.2%
Dickenson
34.5%
Gloucester
34.5%
New Kent
34.5%
Nottoway
34.5%
Campbell
32.8%
Cumberland
32.8%
Middlesex
32.8%
Scott
32.8%
Surry
32.8%
Buckingham
31%
Lancaster
31%
Hopewell
29.3%
Matthews
24.1%
Quiz Playlist
Details
Report
Send in Message
Add To Playlist
Classic:
Type in answers that appear in a list
Quiz Source
Last Updated: Feb 16, 2017
Quiz Scoreboard
CHALLENGE
Sign Up to Join the Scoreboard
Show All
Scores
Hide
Comments
May contain spoilers
Recently Published
Colored Red Africa Blitz
by spor1
Geography
30s
Find the 'City' Movie
by crazypaving
Movies
60s
5x2 Blitz: Bands
by SL_Kpop136
Music
30s
More to Explore
Quiz From the Vault
Featured Blog Post
14 Easter Pick-up Lines to Find Eggs With
hide this ad
You Might Also Like...
Tags
Virginia
Virginia Cities
Virginia Counties
Today's Top Quizzes in Geography
Browse Geography
hide this ad
Top Contributed Quizzes in Geography
1
Countries of the World - No Outlines Minefield
2
Colored Red Africa Blitz II
3
Colored Red Europe Blitz I
4
Colored Red Europe Blitz II
5
Colored Red Africa Blitz III
6
Colored Red Europe Blitz III
7
Colored Red States Blitz II
8
Country Trivia Logic Puzzle II
9
Colored Red States Blitz I
10
List All 50 US States
Explore More
Trending Topics
Marvel
Anime
Disney
NBA
Harry Potter
Crossword
Kpop
Puzzle
Country
Song
WWE
NFL
Pokémon
Soccer
The Office
hide this ad
More By:
jbennettnyc
Quiz
Plays
Rating
Category
Featured
Created
80s pop lyrics
139
4.33
Music
Nov 12, 2017
American Top 40 1973 Year End Countdown
118
5.00
Music
May 17, 2018
Harry Potter Alliteration A-Z
112
4.50
Literature
May 9, 2011
American Top 40 1979 Year End Countdown
110
5.00
Music
May 20, 2018
More Harry Potter Alliteration A-Z
104
3.67
Literature
Jan 21, 2018
Go to Creator's Profile
Score Distribution
Quiz Creator Spotlight
jbennettnyc
Follow
Send a Message
Quizzes Created
-
Created Quiz Play Count
-
More By This Creator
Popular Quizzes Today
1
5x2 Blitz: Bands
2
Find the 'City' Movie
3
Colored Red Africa Blitz
4
Find the US States - No Outlines Minefield
5
The Countries of the World
6
Find the US States
7
9x9 Crossword: Cartoon Network
8
US States
More Geography Quizzes
All about... Comoros
Curator's Pick
Trending Quizzes
Colored Red Africa Blitz II
Colored Red Europe Blitz I
Christmas Pick: Judaism
Colored Red Africa Blitz III
Colored Red Europe Blitz II
Recently Updated
Champions League XIs: Real Madrid
pecheneg
Largest US Cities 1790-2010
pecheneg
Rides in Walt Disney World
pecheneg
Most Oscar Losses (Acting)
pecheneg
Beyoncé Albums
pecheneg
Leaping Animals
pecheneg
Reality TV Shows (A-Z)
bhenderson79
Rickey Henderson's Hall of Fame Teammates
pecheneg
Champions League XIs: Arsenal
pecheneg
Quick Pick: Celebrities in WWE's Hall of Fame
aduchscher
Trending Topics
Kpop
Harry Potter
Crossword
Disney
Anime
Marvel
NBA
Country
Song
WWE
The Office
NFL
Soccer
Pokémon
Puzzle
Your Account Isn't Verified!
In order to create a playlist on Sporcle, you need to verify the email address you used during registration. Go to your
Sporcle Settings
to finish the process.
Report this User
Report this user for behavior that violates our
Community Guidelines
.
Details:
Send Report
Go to the Sporcle.com Mobile Site →
Comments